000 00616nam a2200217Ia 4500
003 OSt
005 20220928144956.0
006 a|||||r|||| 00| 0
007 ta
008 220927b |||||||| |||| 00| 0 eng d
024 _a77671
037 _cTextual
040 _aSDCL
_cSDCL
_beng
041 _2eng
_aeng
082 _aX652:(Z2), P5
100 _aChaturvedi R G
245 0 _aLaw and practice of securitisation and reconstruction of financial assets and enforcement of security interest.
260 _c2005
942 _hX652:(Z2), P5
_cTEXL
_2CC
999 _c830997
_d830997